An analysis of roundlogs requirements by the sawmill and plywood/veneer industries in Peninsular Malaysia

Bibliographic Details
Main Author: THANG
Format: Book
Published: Leuven, Belgium : Catholic University of Leuven , 1980
Subjects:

MARC

LEADER 00000cam a2200000 7i4500
001 0000001459
005 20010629.0
090 0 0 |a R THE 333.75095951   |b THA 1980 
100 1 0 |a THANG   |h Hooi Chiew 
245 1 3 |a An analysis of roundlogs requirements by the sawmill and plywood/veneer industries in Peninsular Malaysia   |c Thang Hooi Chiew 
260 0 0 |a Leuven, Belgium :   |b Catholic University of Leuven ,   |c 1980 
300 |a vi, 106 p. :   |b map ;   |c 27 cm. 
500 0 0 |a Bibliography : [p. 105-106] 
500 0 0 |a Thesis : Masters of Business Administration - Catholic University of Leuven, Belgium (1979/1980) 
650 0 0 |a Forest products industry   |z Peninsular Malaysia 
650 0 0 |a Forests and forestry   |z Peninsular Malaysia 
998 |a JPSM 
999 |a 0000002447   |b Monograph   |c Reference   |e Default branch 
999 |a 0000003911   |b Monograph   |c Thesis   |e Default branch 
999 |a 0000003912   |b Monograph   |c Thesis   |e Default branch 
999 |a 0000004483   |b Monograph   |c Thesis   |e Default branch